000
00296nam a22001337a 4500
003
SGT
082
_a
616.0757
_b
S10T
100
_a
THAKUR, ANAND J.
245
_a
STRATEGIC RADIOGRAPHIC POSITIONING
260
_a
INDIA
_b
LWW
_c
2010
300
_a
472
650
_a
RADIOLOGY
942
_2
ddc
_c
BK
_0
1
999
_c
14582
_d
14582